Proyecto de Investigación fuentes de contaminación por pesticidas organoclorados y metales pesados en áreas agrícolas de las regiones IV a XI: informe final

Guardat en:
Dades bibliogràfiques
Autor corporatiu: FIA (Autor), Instituto de Investigación Agropecuaria (Autor)
Format: Llibre
Idioma:espanyol
Publicat: Santiago FIA 1990
Matèries:
Etiquetes: Afegir etiqueta
Sense etiquetes, Sigues el primer a etiquetar aquest registre!

MARC

LEADER 00000nam a2200000 a 4500
001 UCV7454
003 CL-VaPUC
008 920316e19900000CL |||||||||||||||||spa|d
082 0 4 |a 333.7314  |b FIA  |2 21 
110 2 |a FIA  |e author  |9 301582 
710 2 |a Instituto de Investigación Agropecuaria  |e author  |9 301583 
245 1 0 |a Proyecto de Investigación fuentes de contaminación por pesticidas organoclorados y metales pesados en áreas agrícolas de las regiones IV a XI: informe final 
246 1 0 |a Fuentes de contaminación con residuos de plaguicidas organoclorados y metales pesados en sectores agricolas de las regiones IV a XI 
300 |a 362 p 
942 |c BK 
945 |d 19920316 00:00:00 
260 |a Santiago  |b FIA  |c 1990 
650 0 |a Contaminación agrícola  |9 262831 
651 7 |a CHILE  |2 CL-VaPUC  |9 301584 
583 |a last modification  |c 19920316 00:00:00  |k Rodrigo Vera 
999 |c 213134  |d 213132